| 000 | 00591nam a2200157Ia 4500 | ||
|---|---|---|---|
| 008 | 240514t2020||||xx |||||||||||||| ||spa|| | ||
| 100 | _aMeza- Rodríguez, Linda Alejandra Elizabeth | ||
| 100 | _aTrimiño- Quiala, Bernardo | ||
| 119 |
_bPedagogía _cSociedad Familia y Educación |
||
| 245 | 0 | _aParticipación de la familia en la educación escolar: resultados de un estudio exploratorio | |
| 260 |
_bRedalyc _c2020 |
||
| 538 | _aAcceso vía web | ||
| 650 | _aEducación en el hogar | ||
| 650 | 1 | 4 | _aEducación |
| 856 | _uhttps://www.redalyc.org/journal/4757/475765806002/475765806002.pdf | ||
| 999 |
_c174196 _d174196 |
||